00476nam a2200169 a 4500001001300000003000900013005001700022008004100039020001000080082001900090100002500109245004700134260005300181300000800234500003500242650002900277nice12345678IN_TiNIC20260116015329.0090320s2002 riya grp 000 0 eng  ac10000a323.30297bAAY aAayed, Saleh Hussain aRights of Non-Muslims in the Islamic World aRiyadh, KSA bDar Eshbekia for Pub.& Dist c2002 a80p aincludes index and biblioraphy aMinorities-Islamic State